|
|
|
|
| LEADER |
01391nam a2200325 a 4500 |
| 001 |
37990 |
| 003 |
BD-DhAAL |
| 005 |
20220307145728.0 |
| 008 |
220307r19941986caua b s001 0 eng |
| 999 |
|
|
|c 43687
|d 43687
|
| 010 |
|
|
|a 93041318
|
| 020 |
|
|
|a 0520086201
|
| 040 |
|
|
|a DLC
|c DLC
|d DLC
|d BD-DhAAL
|
| 043 |
|
|
|a a------
|
| 050 |
0 |
0 |
|a HD9066.A7
|b B73 1994
|
| 082 |
0 |
0 |
|a 338.17318095
|2 20
|
| 100 |
1 |
|
|a Bray, Francesca.
|9 46515
|
| 245 |
1 |
4 |
|a The rice economies :
|b technology and development in Asian societies /
|c Francesca Bray.
|
| 260 |
|
|
|a Berkeley :
|b University of California Press,
|c 1994.
|
| 300 |
|
|
|a xx, 254 pages :
|b illustrations :
|c 23 cm.
|
| 500 |
|
|
|a Originally published: Oxford ; New York : Blackwell, 1986. With a new pref.
|
| 504 |
|
|
|a Includes bibliographical references (p. [228]-247) and index.
|
| 541 |
|
|
|a Donated by Akbar Ali Khan
|e 37990
|
| 650 |
|
0 |
|a Rice trade
|z Asia.
|9 46516
|
| 650 |
|
0 |
|a Agriculture
|x Economic aspects
|z Asia.
|9 46517
|
| 651 |
|
0 |
|a Asia
|x Economic conditions
|y 1945-
|9 46518
|
| 852 |
|
|
|a Ayesha Abed Library
|c Akbar Ali Khan Collection
|
| 856 |
4 |
2 |
|3 Contributor biographical information
|u http://www.loc.gov/catdir/bios/ucal051/93041318.html
|
| 942 |
|
|
|2 ddc
|c BK
|
| 952 |
|
|
|0 0
|1 0
|2 ddc
|4 0
|6 338_173180950000000_BRA
|7 1
|9 70022
|a BRACUL
|b BRACUL
|c AAKC
|d 2022-03-07
|e Donated by Akbar Ali Khan
|l 0
|o 338.17318095 BRA
|p 3010037990
|r 2022-03-07
|t 1
|w 2022-03-07
|y BK
|